| 000 | 00528cam a22002171 4500 | ||
|---|---|---|---|
| 001 | sa 64008152 | ||
| 003 | DLC | ||
| 005 | 20260227112052.0 | ||
| 008 | 890403s1963 xx 000 0 urdo | ||
| 010 | _asa 64008152 | ||
| 035 | _a(OCoLC)23558980 | ||
| 040 |
_aDLC _cMiU _dDLC |
||
| 042 | _apremarc | ||
| 050 | 0 | 0 |
_aDS427 _b.A88 |
| 100 | 1 |
_aĀzād, Abūlkalām, _d1888-1958. |
|
| 245 | 1 | 0 | _aT̤anzīyāt-i Āzād. |
| 260 | _c[1963] | ||
| 300 |
_a230 p. _bport. _c18 cm. |
||
| 500 | _aRomanized. | ||
| 650 | 0 |
_aMuslims _zIndia |
|
| 999 |
_c60718 _d60718 |
||